[Event "Olimpiada de Khanty-Mansiysk 2010"]
[Site "Khanty-Mansiysk RUS"]
[Date "2010.10.01"]
[Round "10"]
[White "Chipanga, Chiletso"]
[Black "Croes, Octavio"]
[Result "1/2-1/2"]
[WhiteElo "2138"]
[BlackElo "1951"]
[PlyCount "116"]
[EventDate "2010.09.21"]
[EventType "team"]
[EventRounds "11"]
[EventCountry "RUS"]
[Source "lmi"]
[SourceDate "2010.09.21"]
[WhiteTeam "MAW"]
[BlackTeam "ARU"]

1. e4 c5 2. f4 Nc6 3. Nf3 g6 4. c3 Nf6 5. e5 Nd5 6. d4 cxd4 7. cxd4 Bg7 8. Nc3
Nxc3 9. bxc3 d5 10. Qb3 O-O 11. Bd3 Na5 12. Qc2 Bg4 13. O-O Rc8 14. Nd2 Qc7 15.
Bb2 f6 16. h3 Bd7 17. Rae1 fxe5 18. fxe5 Qc6 19. Rxf8+ Bxf8 20. e6 Be8 21. Nf3
Nc4 22. Bc1 Bg7 23. Qf2 Nd6 24. Bd2 Nb5 25. Qh4 Nc7 26. Qxe7 Bf8 27. Qh4 Nxe6
28. Ne5 Qd6 29. Ng4 h5 30. Nf6+ Kg7 31. c4 Be7 32. Nxe8+ Rxe8 33. Qf2 Bf6 34.
Bh6+ Kf7 35. Rf1 Nf8 36. c5 Qe6 37. Qg3 Kg8 38. Bxf8 Bxd4+ 39. Kh1 Rxf8 40.
Rxf8+ Kxf8 41. Qf4+ Qf6 42. Qb8+ Kg7 43. Qxb7+ Qf7 44. Qc6 Bf2 45. a4 Qf6 46.
Qb7+ Kh6 47. Qb1 Be3 48. a5 Qc6 49. Qb8 Qf6 50. c6 Qa1+ 51. Bb1 Qf6 52. Bd3
Qa1+ 53. Qb1 Qxb1+ 54. Bxb1 Bf4 55. Kg1 a6 56. Kf2 Bc7 57. Bd3 Bxa5 58. Bxa6
Kg5 1/2-1/2

[Event "Olimpiada de Khanty-Mansiysk 2010"]
[Site "Khanty-Mansiysk RUS"]
[Date "2010.10.01"]
[Round "10"]
[White "Lebrun, Piersont"]
[Black "Thompson, Edward Nii Lamp"]
[Result "1-0"]
[WhiteElo "1956"]
[BlackElo "1831"]
[PlyCount "51"]
[EventDate "2010.09.21"]
[EventType "team"]
[EventRounds "11"]
[EventCountry "RUS"]
[Source "lmi"]
[SourceDate "2010.09.21"]
[WhiteTeam "Haití"]
[BlackTeam "Ghana"]
[WhiteTeamCountry "HAI"]
[BlackTeamCountry "GHA"]

1. Nf3 d5 2. d4 Nf6 3. e3 e6 4. Bd3 Be7 5. O-O b6 6. Ne5 O-O 7. Nd2 c5 8. c3
Bb7 9. f4 g6 10. Qf3 Nbd7 11. Qh3 Ne4 12. Qh6 Bf6 13. Ndf3 Bg7 14. Qh3 Ndf6 15.
Bd2 a5 16. Be1 Qc7 17. Bh4 c4 18. Bc2 b5 19. Bxf6 Bxf6 20. Bxe4 dxe4 21. Ng5
Bxg5 22. fxg5 Bc6 23. Rf6 Be8 24. Qh6 Qe7 25. Raf1 Ra7 26. R1f4 1-0

[Event "Olimpiada de Khanty-Mansiysk 2010"]
[Site "Khanty-Mansiysk RUS"]
[Date "2010.10.01"]
[Round "10"]
[White "Celis, Solomon B"]
[Black "Dos Santos Lima, Osvaldo"]
[Result "1-0"]
[WhiteElo "1985"]
[BlackElo "1727"]
[PlyCount "62"]
[EventDate "2010.09.21"]
[EventType "team"]
[EventRounds "11"]
[EventCountry "RUS"]
[Source "lmi"]
[SourceDate "2010.09.21"]
[WhiteTeam "Macao"]
[BlackTeam "STP"]
[WhiteTeamCountry "MAC"]

1. e4 e5 2. Nf3 Nf6 3. Nc3 Nc6 4. Bb5 Bb4 5. O-O O-O 6. d3 d6 7. Ne2 Ne7 8. c3
Ba5 9. Ng3 Ng6 10. d4 Bg4 11. h3 Bxf3 12. Qxf3 c5 13. dxc5 dxc5 14. Bc4 h6 15.
Nf5 Nh7 16. Rd1 Qc7 17. Qg3 Kh8 18. h4 Rg8 19. Nd6 Raf8 20. h5 Nf4 21. Bxf4
exf4 22. Qxf4 Ng5 23. Rd5 Ne6 24. Qe5 a6 25. a4 Qe7 26. Rad1 Bc7 27. R5d2 Bxd6
28. Rxd6 b5 29. axb5 axb5 30. Bxe6 fxe6 31. Rxe6 Qh4 1-0

[Event "Olimpiada de Khanty-Mansiysk 2010"]
[Site "Khanty-Mansiysk RUS"]
[Date "2010.10.01"]
[Round "10"]
[White "Meier, Kurt"]
[Black "Marcos, Joselito"]
[Result "0-1"]
[WhiteElo "1991"]
[BlackElo "2115"]
[PlyCount "92"]
[EventDate "2010.09.21"]
[EventType "team"]
[EventRounds "11"]
[EventCountry "RUS"]
[Source "lmi"]
[SourceDate "2010.09.21"]
[WhiteTeam "Seychelles"]
[BlackTeam "Papúa Nueva Guinea"]
[WhiteTeamCountry "SEY"]
[BlackTeamCountry "PNG"]

1. e4 e6 2. d4 c5 3. d5 Nf6 4. Nc3 d6 5. Be2 exd5 6. exd5 Be7 7. Nf3 O-O 8. O-O
Bg4 9. h3 Bxf3 10. Bxf3 Na6 11. Bf4 Nc7 12. Qd3 a6 13. a4 Qd7 14. a5 Nb5 15.
Ne4 Nxe4 16. Bxe4 f5 17. Bf3 Bf6 18. c3 Rae8 19. Qd2 Be5 20. Rfe1 Qd8 21. g3
Qf6 22. Bh5 Bxf4 23. Qxf4 g6 24. Be2 Nc7 25. h4 Re4 26. Qd2 f4 27. Bg4 Re5 28.
Rxe5 Qxe5 29. Re1 Qf6 30. Qe2 Re8 31. Be6+ Kg7 32. Qg4 fxg3 33. fxg3 Rf8 34.
Qe2 Qf3 35. Qxf3 Rxf3 36. Kg2 Rf8 37. c4 Re8 38. Re3 Nxe6 39. dxe6 Kf6 40. Rb3
Re7 41. Rb6 Kxe6 42. b4 Ke5 43. b5 axb5 44. cxb5 Kd5 45. a6 bxa6 46. bxa6 Ra7
0-1

[Event "Olimpiada de Khanty-Mansiysk 2010"]
[Site "Khanty-Mansiysk RUS"]
[Date "2010.10.01"]
[Round "10"]
[White "Press, Shaun"]
[Black "Hoareau, Benjamin"]
[Result "1/2-1/2"]
[WhiteElo "2093"]
[BlackElo "2026"]
[PlyCount "78"]
[EventDate "2010.09.21"]
[EventType "team"]
[EventRounds "11"]
[EventCountry "RUS"]
[Source "lmi"]
[SourceDate "2010.09.21"]
[WhiteTeam "Papúa Nueva Guinea"]
[BlackTeam "Seychelles"]
[WhiteTeamCountry "PNG"]
[BlackTeamCountry "SEY"]

1. e4 d5 2. d4 dxe4 3. Nc3 e5 4. Nxe4 Qh4 5. Ng3 e4 6. Qe2 Nf6 7. Nf3 Qg4 8. h3
Qe6 9. Ng5 Qd5 10. N5xe4 Bb4+ 11. c3 Be7 12. Nxf6+ gxf6 13. Qb5+ Qd7 14. Qxd7+
Bxd7 15. Bf4 c6 16. O-O-O Be6 17. a3 Nd7 18. Bd3 O-O-O 19. Rhe1 Nb6 20. Nf5 Bf8
21. Ne3 h5 22. h4 Rg8 23. Be2 Bb3 24. Rd2 Nd5 25. Nxd5 Rxd5 26. Bf3 Rf5 27. g3
Bh6 28. Bxh6 Rxf3 29. Bf4 a5 30. Re4 f5 31. Re1 a4 32. Rde2 Bc4 33. Re7 Rxf2
34. Rc7+ Kd8 35. Rxb7 Rg6 36. d5 Bxd5 37. Be3 Kc8 38. Ra7 Rg2 39. Bf4 Re6
1/2-1/2

[Event "Olimpiada de Khanty-Mansiysk 2010"]
[Site "Khanty-Mansiysk RUS"]
[Date "2010.10.03"]
[Round "11"]
[White "Efimenko, Zahar"]
[Black "Mikhalevski, Victor"]
[Result "1/2-1/2"]
[WhiteElo "2683"]
[BlackElo "2610"]
[PlyCount "78"]
[EventDate "2010.09.21"]
[EventType "team"]
[EventRounds "11"]
[EventCountry "RUS"]
[Source "lmi"]
[SourceDate "2010.09.21"]
[WhiteTeam "Ucrania"]
[BlackTeam "Israel"]
[WhiteTeamCountry "UKR"]
[BlackTeamCountry "ISR"]

1. e4 e5 2. Nf3 Nc6 3. Bc4 Bc5 4. c3 Nf6 5. d3 d6 6. Bb3 a6 7. O-O Ba7 8. Re1
O-O 9. h3 Ne7 10. Nbd2 Ng6 11. Nf1 h6 12. Ng3 Re8 13. d4 Be6 14. Bc2 Bd7 15.
Be3 Bc6 16. Qd2 exd4 17. Bxd4 Ne5 18. Qe3 Nc4 19. Qc1 Ne5 20. Nxe5 dxe5 21.
Bxa7 Rxa7 22. Qe3 Ra8 23. Rad1 Qe7 24. Nf5 Qf8 25. Qg3 g6 26. Qh4 gxf5 27. Qxf6
f4 28. Bb3 Qg7 29. Qf5 Rad8 30. Bd5 Bxd5 31. Rxd5 Qg5 32. Qxg5+ hxg5 33. Red1
Rxd5 34. Rxd5 Re6 35. Kf1 Kf8 36. Ke2 Ke7 37. Kf3 c6 38. Rd2 a5 39. Kg4 Rh6
1/2-1/2

[Event "Olimpiada de Khanty-Mansiysk 2010"]
[Site "Khanty-Mansiysk RUS"]
[Date "2010.10.03"]
[Round "11.4"]
[White "Magem Badals, Jordi"]
[Black "Karjakin, Sergey"]
[Result "1/2-1/2"]
[WhiteElo "2589"]
[BlackElo "2747"]
[PlyCount "24"]
[EventDate "2010.09.21"]
[EventType "team"]
[EventRounds "11"]
[EventCountry "RUS"]
[Source "lmi"]
[SourceDate "2010.09.21"]
[WhiteTeam "España"]
[BlackTeam "RU1"]
[WhiteTeamCountry "ESP"]

1. e4 c5 2. Nf3 d6 3. d4 cxd4 4. Nxd4 Nf6 5. f3 e5 6. Nb3 Be6 7. c4 Nbd7 8. Be3
Rc8 9. Nc3 a6 10. Nd5 Bxd5 11. cxd5 Be7 12. Be2 Nh5 1/2-1/2

[Event "Olimpiada de Khanty-Mansiysk 2010"]
[Site "Khanty-Mansiysk RUS"]
[Date "2010.10.03"]
[Round "11"]
[White "Almasi, Zoltan"]
[Black "Macieja, Bartlomiej"]
[Result "1-0"]
[WhiteElo "2707"]
[BlackElo "2651"]
[PlyCount "67"]
[EventDate "2010.09.21"]
[EventType "team"]
[EventRounds "11"]
[EventCountry "RUS"]
[Source "lmi"]
[SourceDate "2010.09.21"]
[WhiteTeam "Hungría"]
[BlackTeam "Polonia"]
[WhiteTeamCountry "HUN"]
[BlackTeamCountry "POL"]

1. e4 c5 2. Nf3 Nc6 3. d4 cxd4 4. Nxd4 g6 5. c4 Nf6 6. Nc3 d6 7. Be2 Nxd4 8.
Qxd4 Bg7 9. Be3 O-O 10. Qd2 a5 11. Rd1 Be6 12. O-O a4 13. f4 Qa5 14. Bd4 Qb4
15. a3 Qa5 16. Qe3 Rac8 17. Bb6 Qa8 18. c5 dxc5 19. Bxc5 Rfe8 20. Rd2 Nd7 21.
Bb4 Nb8 22. f5 Bb3 23. Nd5 Nc6 24. Nb6 Qa7 25. Bc5 Rcd8 26. Nd7 Qa8 27. Bb6 Rc8
28. e5 Na5 29. e6 gxf5 30. Rxf5 Rc1+ 31. Kf2 Nc6 32. Rxf7 Kh8 33. Qe4 Rh1 34.
h3 1-0

[Event "Olimpiada de Khanty-Mansiysk 2010"]
[Site "Khanty-Mansiysk RUS"]
[Date "2010.10.03"]
[Round "11"]
[White "Berkes, Ferenc"]
[Black "Bartel, Mateusz"]
[Result "1/2-1/2"]
[WhiteElo "2678"]
[BlackElo "2599"]
[PlyCount "54"]
[EventDate "2010.09.21"]
[EventType "team"]
[EventRounds "11"]
[EventCountry "RUS"]
[Source "lmi"]
[SourceDate "2010.09.21"]
[WhiteTeam "Hungría"]
[BlackTeam "Polonia"]
[WhiteTeamCountry "HUN"]
[BlackTeamCountry "POL"]

1. Nf3 Nf6 2. g3 d5 3. Bg2 g6 4. O-O Bg7 5. d4 O-O 6. Nbd2 Nc6 7. c3 Bf5 8. Nb3
Qc8 9. Bg5 h6 10. Bxf6 Bxf6 11. Nfd2 Rd8 12. e4 dxe4 13. Nxe4 Bg7 14. Qe2 Bh3
15. Rad1 Bxg2 16. Kxg2 e5 17. dxe5 Nxe5 18. Nd4 c5 19. Nf3 Nxf3 20. Rxd8+ Qxd8
21. Qxf3 Qb6 22. Rd1 Qxb2 23. Rd7 Qxa2 24. Rxb7 Rd8 25. Nxc5 Qd5 26. Rxa7 Qxf3+
27. Kxf3 Bxc3 1/2-1/2

[Event "Olimpiada de Khanty-Mansiysk 2010"]
[Site "Khanty-Mansiysk RUS"]
[Date "2010.10.03"]
[Round "11"]
[White "Tkachiev, Vladislav"]
[Black "Sargissian, Gabriel"]
[Result "1/2-1/2"]
[WhiteElo "2632"]
[BlackElo "2677"]
[PlyCount "49"]
[EventDate "2010.09.21"]
[EventType "team"]
[EventRounds "11"]
[EventCountry "RUS"]
[Source "lmi"]
[SourceDate "2010.09.21"]
[WhiteTeam "Francia"]
[BlackTeam "Armenia"]
[WhiteTeamCountry "FRA"]
[BlackTeamCountry "ARM"]

1. d4 Nf6 2. c4 e6 3. Nf3 d5 4. g3 Bb4+ 5. Bd2 Be7 6. Bg2 O-O 7. O-O c6 8. Qc2
Nbd7 9. Rd1 b6 10. Bf4 Bb7 11. Nc3 dxc4 12. Nd2 Nd5 13. Nxc4 Nxf4 14. gxf4 Qc7
15. e3 Rad8 16. Rac1 c5 17. d5 exd5 18. Nxd5 Bxd5 19. Rxd5 b5 20. Ne5 Nxe5 21.
Rxe5 Bd6 22. Rd5 Be7 23. Rcd1 Rxd5 24. Rxd5 Rd8 25. Rxd8+ 1/2-1/2

[Event "Olimpiada de Khanty-Mansiysk 2010"]
[Site "Khanty-Mansiysk RUS"]
[Date "2010.10.03"]
[Round "11"]
[White "Pashikian, Arman"]
[Black "Edouard, Romain"]
[Result "1/2-1/2"]
[WhiteElo "2639"]
[BlackElo "2636"]
[PlyCount "88"]
[EventDate "2010.09.21"]
[EventType "team"]
[EventRounds "11"]
[EventCountry "RUS"]
[Source "lmi"]
[SourceDate "2010.09.21"]
[WhiteTeam "Armenia"]
[BlackTeam "Francia"]
[WhiteTeamCountry "ARM"]
[BlackTeamCountry "FRA"]

1. d4 Nf6 2. c4 g6 3. Nc3 d5 4. Bg5 Bg7 5. Bxf6 Bxf6 6. cxd5 c6 7. e4 O-O 8. e5
Bg7 9. Bc4 b5 10. Bb3 b4 11. Nce2 cxd5 12. h4 h5 13. Nf4 e6 14. Bc2 Nc6 15. Rh3
Qa5 16. b3 Nxd4 17. Bxg6 Qc7 18. Re3 Nc6 19. Bc2 Nxe5 20. Rc1 Ng6 21. Nxg6 fxg6
22. Nf3 Bh6 23. Ng5 Qh2 24. Qd3 Rf5 25. Qe2 Qh1+ 26. Kd2 Qxh4 27. Bxf5 gxf5 28.
Qb5 Qxg5 29. Qe8+ Bf8 30. Rxc8 Rxc8 31. Qxe6+ Kh7 32. Qxc8 d4 33. Qxf8 dxe3+
34. Ke2 exf2 35. Qf7+ Kh6 36. Qf8+ Qg7 37. Qd6+ Qg6 38. Qf8+ Kg5 39. Qxb4 Qa6+
40. Kxf2 Qxa2+ 41. Kf3 Qa6 42. Qe7+ Kg6 43. Qe8+ Kf6 44. Qh8+ Kg6 1/2-1/2

[Event "Olimpiada de Khanty-Mansiysk 2010"]
[Site "Khanty-Mansiysk RUS"]
[Date "2010.10.03"]
[Round "11"]
[White "Nepomniachtchi, Ian"]
[Black "Papaioannou, Ioannis"]
[Result "1-0"]
[WhiteElo "2706"]
[BlackElo "2622"]
[PlyCount "147"]
[EventDate "2010.09.21"]
[EventType "team"]
[EventRounds "11"]
[EventCountry "RUS"]
[Source "lmi"]
[SourceDate "2010.09.21"]
[WhiteTeam "RU2"]
[BlackTeam "Grecia"]
[BlackTeamCountry "GRE"]

1. e4 c5 2. Nf3 d6 3. d4 cxd4 4. Nxd4 Nf6 5. Nc3 a6 6. Be3 e5 7. Nf3 Be7 8. Bc4
O-O 9. O-O Nc6 10. Qe2 Na5 11. Bb3 Be6 12. Rfd1 Nxb3 13. axb3 Qc7 14. Bg5 Rac8
15. Bxf6 Bxf6 16. Rac1 Qb6 17. Nd5 Bxd5 18. Rxd5 Rc6 19. Qd1 Qb4 20. Nd2 Bg5
21. f3 f5 22. exf5 Be3+ 23. Kh1 Rxf5 24. Ra1 Bxd2 25. Ra4 Qb6 26. Qxd2 h6 27.
Ra1 Rf6 28. Re1 Rf4 29. Rd1 Rd4 30. Rxd4 Qxd4 31. Qxd4 exd4 32. Rd2 a5 33. Kg1
d5 34. Kf2 d3 35. cxd3 Rb6 36. Ke3 Rb4 37. d4 Kf7 38. Rd3 Kf6 39. Kd2 g5 40.
Kc3 Rb6 41. Re3 Rc6+ 42. Kd2 Rb6 43. g4 a4 44. Kc2 Rb4 45. bxa4 Rxa4 46. Rd3
Rb4 47. b3 Rb6 48. Re3 Rc6+ 49. Kb2 Kf7 50. Rc3 Rf6 51. Ka3 h5 52. gxh5 Rh6 53.
Rc7+ Ke6 54. Rxb7 Rxh5 55. Rg7 Rh4 56. Rxg5 Rxd4 57. Rg4 Rd3 58. Rg3 Rd2 59. h4
Rh2 60. Rg6+ Ke5 61. Rg5+ Kd6 62. h5 Rf2 63. h6 Rh2 64. Rg6+ Kc5 65. b4+ Kb5
66. Rd6 Rh5 67. h7 Kc4 68. Rc6+ Kd3 69. Rc7 d4 70. b5 Ke3 71. b6 d3 72. b7 d2
73. Rd7 Rxh7 74. b8=Q 1-0

[Event "Olimpiada de Khanty-Mansiysk 2010"]
[Site "Khanty-Mansiysk RUS"]
[Date "2010.10.03"]
[Round "11"]
[White "Banikas, Hristos"]
[Black "Alekseev, Evgeny"]
[Result "1/2-1/2"]
[WhiteElo "2590"]
[BlackElo "2691"]
[PlyCount "29"]
[EventDate "2010.09.21"]
[EventType "team"]
[EventRounds "11"]
[EventCountry "RUS"]
[Source "lmi"]
[SourceDate "2010.09.21"]
[WhiteTeam "Grecia"]
[BlackTeam "RU2"]
[WhiteTeamCountry "GRE"]

1. d4 Nf6 2. c4 e6 3. Nf3 d5 4. Nc3 Bb4 5. Bg5 Nbd7 6. cxd5 exd5 7. e3 c5 8.
dxc5 Qa5 9. Rc1 Bxc3+ 10. bxc3 O-O 11. Be2 Ne4 12. O-O Ndxc5 13. Be7 Re8 14.
Bxc5 Nxc5 15. Nd4 1/2-1/2

[Event "Olimpiada de Khanty-Mansiysk 2010"]
[Site "Khanty-Mansiysk RUS"]
[Date "2010.10.03"]
[Round "11"]
[White "Vitiugov, Nikita"]
[Black "Mastrovasilis, Dimitrios"]
[Result "1/2-1/2"]
[WhiteElo "2709"]
[BlackElo "2569"]
[PlyCount "116"]
[EventDate "2010.09.21"]
[EventType "team"]
[EventRounds "11"]
[EventCountry "RUS"]
[Source "lmi"]
[SourceDate "2010.09.21"]
[WhiteTeam "RU2"]
[BlackTeam "Grecia"]
[BlackTeamCountry "GRE"]

1. d4 d5 2. Nf3 Nf6 3. c4 c6 4. Nc3 dxc4 5. a4 Bf5 6. Ne5 e6 7. f3 c5 8. e4 Bg6
9. Be3 cxd4 10. Qxd4 Qxd4 11. Bxd4 Nfd7 12. Nxd7 Nxd7 13. Bxc4 a6 14. h4 Rc8
15. Ba2 h6 16. Rc1 Bc5 17. Ne2 O-O 18. Kd2 Bd6 19. h5 Bh7 20. Rhd1 Rxc1 21.
Kxc1 Ne5 22. Bb6 Rc8+ 23. Nc3 Rc6 24. Bf2 Nd7 25. a5 Kf8 26. Bb3 Ke7 27. Ba4
Rc7 28. Kb1 f6 29. Be3 Bg8 30. f4 Nc5 31. Bc2 Nd7 32. f5 Bc5 33. Bd2 e5 34. Na4
Bd6 35. b3 Nc5 36. Nxc5 Bxc5 37. Bc3 Bf7 38. g4 Bd6 39. Be1 Bc5 40. Bc3 Bd6 41.
Be1 Rc6 42. Bd2 Bc5 43. Bc3 Bd6 44. Bd2 Bc5 45. Bc3 Rd6 46. Be1 Kd7 47. Ka2 Kc6
48. Rxd6+ Bxd6 49. Bd3 Kc5 50. Bf2+ Kc6 51. Be1 Bc5 52. Bd2 Bd4 53. Bb4 Bc5 54.
Bd2 Kd6 55. Be1 Be8 56. Bd2 Bd4 57. Bb4+ Bc5 58. Bd2 Bd4 1/2-1/2

[Event "Olimpiada de Khanty-Mansiysk 2010"]
[Site "Khanty-Mansiysk RUS"]
[Date "2010.10.03"]
[Round "11"]
[White "Mastrovasilis, Athanasios"]
[Black "Timofeev, Artyom"]
[Result "1/2-1/2"]
[WhiteElo "2556"]
[BlackElo "2690"]
[PlyCount "99"]
[EventDate "2010.09.21"]
[EventType "team"]
[EventRounds "11"]
[EventCountry "RUS"]
[Source "lmi"]
[SourceDate "2010.09.21"]
[WhiteTeam "Grecia"]
[BlackTeam "RU2"]
[WhiteTeamCountry "GRE"]

1. d4 Nf6 2. c4 g6 3. Nc3 d5 4. Bf4 Bg7 5. e3 O-O 6. Rc1 c5 7. dxc5 Be6 8. Nf3
Nc6 9. Be2 Ne4 10. Nd4 Nxd4 11. exd4 Nxc3 12. bxc3 dxc4 13. Bf3 Bd5 14. O-O b6
15. c6 Rc8 16. c7 Qd7 17. Re1 Qf5 18. Bg3 Bxf3 19. Qxf3 Qxf3 20. gxf3 e5 21.
Bxe5 Bxe5 22. Rxe5 Rxc7 23. Rce1 Kg7 24. a4 Rb8 25. Kg2 a6 26. Rb1 Rcb7 27. Rb4
b5 28. Rc5 bxa4 29. Rxa4 Rb2 30. Rcxc4 Rc2 31. Rxa6 Rbb2 32. Kg3 Rxf2 33. h4
Rh2 34. Rc7 Rbg2+ 35. Kf4 Rxh4+ 36. Ke3 g5 37. Rc5 Rh1 38. Rf5 Re1+ 39. Kd3 Re6
40. Ra7 Rf6 41. Rxf6 Kxf6 42. c4 h5 43. c5 Rg1 44. Ra6+ Kf5 45. Rh6 h4 46. d5
Ke5 47. d6 Rc1 48. f4+ gxf4 49. Rxh4 Rxc5 50. Rh7 1/2-1/2

[Event "Olimpiada de Khanty-Mansiysk 2010"]
[Site "Khanty-Mansiysk RUS"]
[Date "2010.10.03"]
[Round "11"]
[White "Godena, Michele"]
[Black "Bu, Xiangzhi"]
[Result "1/2-1/2"]
[WhiteElo "2551"]
[BlackElo "2695"]
[PlyCount "133"]
[EventDate "2010.09.21"]
[EventType "team"]
[EventRounds "11"]
[EventCountry "RUS"]
[Source "lmi"]
[SourceDate "2010.09.21"]
[WhiteTeam "Italia"]
[BlackTeam "China"]
[WhiteTeamCountry "ITA"]
[BlackTeamCountry "CHN"]

1. e4 c5 2. c3 d5 3. exd5 Qxd5 4. d4 Nc6 5. Nf3 Bg4 6. Be2 cxd4 7. cxd4 e6 8.
Nc3 Qa5 9. h3 Bh5 10. d5 exd5 11. Qxd5 Qxd5 12. Nxd5 O-O-O 13. Nf4 Bb4+ 14. Kf1
Bxf3 15. Bxf3 Nge7 16. g3 Ne5 17. Be2 N7c6 18. Kg2 Nd4 19. Bd1 Kb8 20. Ne2 Ndf3
21. Nc3 Nd2 22. Re1 f6 23. Re2 Bxc3 24. bxc3 Nb1 25. Rxb1 Rxd1 26. Reb2 Kc8 27.
Be3 Rxb1 28. Rxb1 Nc6 29. Kf3 Re8 30. Rb5 a6 31. Rh5 h6 32. Rd5 Ne7 33. Rc5+
Kd7 34. g4 Kd6 35. Rc4 Nc6 36. Re4 Rc8 37. Ke2 Kd5 38. f3 b5 39. a4 Rh8 40.
axb5 axb5 41. Rf4 Re8 42. Kf2 Re6 43. h4 Re8 44. h5 Ne5 45. Rd4+ Kc6 46. Bf4
Nc4 47. Rd1 Nb6 48. Be3 Nd5 49. Bd4 Ra8 50. Re1 Ra2+ 51. Re2 Rxe2+ 52. Kxe2 Ne7
53. Kd3 Kd5 54. Be3 Nc8 55. Bc1 Nb6 56. Ba3 Nd7 57. Bb4 f5 58. Ke3 Ke5 59. c4
bxc4 60. Bc3+ Ke6 61. Bxg7 fxg4 62. fxg4 Ne5 63. Kf4 Nf7 64. Ke4 Ng5+ 65. Kd4
Nf7 66. Kxc4 Ne5+ 67. Kd4 1/2-1/2

[Event "Olimpiada de Khanty-Mansiysk 2010"]
[Site "Khanty-Mansiysk RUS"]
[Date "2010.10.03"]
[Round "11"]
[White "Zhou, Jianchao"]
[Black "Vocaturo, Daniele"]
[Result "1-0"]
[WhiteElo "2660"]
[BlackElo "2581"]
[PlyCount "77"]
[EventDate "2010.09.21"]
[EventType "team"]
[EventRounds "11"]
[EventCountry "RUS"]
[Source "lmi"]
[SourceDate "2010.09.21"]
[WhiteTeam "China"]
[BlackTeam "Italia"]
[WhiteTeamCountry "CHN"]
[BlackTeamCountry "ITA"]

1. d4 Nf6 2. c4 c5 3. d5 e5 4. Nc3 d6 5. e4 Be7 6. h3 Nbd7 7. Nge2 h5 8. h4 Nf8
9. g3 Bg4 10. Qd3 Qc8 11. Ng1 a6 12. a4 Bd8 13. a5 N8h7 14. f3 Bd7 15. Nh3 O-O
16. Bd2 Ne8 17. Ng5 f5 18. Ne6 Bxe6 19. dxe6 Qxe6 20. Bh3 g6 21. Nd5 Ng7 22.
O-O-O Qf7 23. exf5 Nxf5 24. g4 hxg4 25. Bxg4 Nd4 26. f4 exf4 27. Nxf4 Bxa5 28.
Nxg6 Bxd2+ 29. Rxd2 Nb3+ 30. Qxb3 Qxg6 31. Qxb7 Kh8 32. Bd1 Qh6 33. Bc2 Nf6 34.
Rhd1 Rab8 35. Qe7 Rfe8 36. Qxd6 Rbd8 37. Qg3 Ne4 38. Bxe4 Rxe4 39. b3 1-0

[Event "Olimpiada de Khanty-Mansiysk 2010"]
[Site "Khanty-Mansiysk RUS"]
[Date "2010.10.03"]
[Round "11"]
[White "Rombaldoni, Denis"]
[Black "Li, Chao B"]
[Result "1/2-1/2"]
[WhiteElo "2501"]
[BlackElo "2633"]
[PlyCount "159"]
[EventDate "2010.09.21"]
[EventType "team"]
[EventRounds "11"]
[EventCountry "RUS"]
[Source "lmi"]
[SourceDate "2010.09.21"]
[WhiteTeam "Italia"]
[BlackTeam "China"]
[WhiteTeamCountry "ITA"]
[BlackTeamCountry "CHN"]

1. d4 Nf6 2. c4 g6 3. Nf3 Bg7 4. g3 d5 5. cxd5 Nxd5 6. Bg2 Nb6 7. Nc3 Nc6 8. e3
O-O 9. O-O Re8 10. Re1 a5 11. Qc2 Bf5 12. e4 Bg4 13. d5 Nb4 14. Qb1 e6 15. a3
Na6 16. dxe6 Bxe6 17. Bg5 Qc8 18. Qc2 Nc5 19. Nd5 Bxd5 20. exd5 Na6 21. Rxe8+
Qxe8 22. d6 Qd7 23. dxc7 Qxc7 24. Rc1 Qxc2 25. Rxc2 Rc8 26. Rxc8+ Nxc8 27. Nd2
Nc5 28. b4 axb4 29. axb4 Ne6 30. Be3 Bc3 31. b5 Bxd2 32. Bxd2 Nd6 33. Bb4 Nxb5
34. Bxb7 Nbd4 35. Kg2 h5 36. Be4 Kg7 37. Bc3 Kg8 38. f3 Kh7 39. Kf2 Nf5 40. Bf6
Kg8 41. Ke2 Kh7 42. Be5 Kg8 43. Kd2 Ng5 44. Bd5 Ne7 45. Bb7 Ne6 46. Be4 Nf5 47.
Kc3 Ne3 48. Kd3 Nf5 49. Bc6 Nc5+ 50. Kc4 Ne6 51. Bf6 Kf8 52. Kd3 Nc5+ 53. Ke2
Ne6 54. Kf2 Kg8 55. h3 Kf8 56. g4 hxg4 57. fxg4 Ne7 58. Be4 Ng8 59. Bb2 g5 60.
Kf3 Ke7 61. Ba3+ Kf6 62. Bb1 Nh6 63. Bb2+ Ke7 64. Ba3+ Kf6 65. Bc1 Kg7 66. Ke4
f6 67. Ba2 Nf4 68. Bxf4 gxf4 69. Kxf4 Kg6 70. Be6 Kg7 71. Bc4 Kg6 72. Bb5 Kg7
73. Be8 Kf8 74. Bh5 Kg7 75. Ke3 Ng8 76. Kd4 f5 77. g5 Nf6 78. Ke5 Nxh5 79. Kxf5
Ng3+ 80. Kg4 1/2-1/2

[Event "Olimpiada de Khanty-Mansiysk 2010"]
[Site "Khanty-Mansiysk RUS"]
[Date "2010.10.03"]
[Round "11"]
[White "Motylev, Alexandr"]
[Black "Radjabov, Teimour"]
[Result "0-1"]
[WhiteElo "2694"]
[BlackElo "2748"]
[PlyCount "84"]
[EventDate "2010.09.21"]
[EventType "team"]
[EventRounds "11"]
[EventCountry "RUS"]
[Source "lmi"]
[SourceDate "2010.09.21"]
[WhiteTeam "RU3"]
[BlackTeam "Azerbaiyán"]
[BlackTeamCountry "AZE"]

1. e4 e5 2. Nf3 Nc6 3. Nc3 Nf6 4. Bb5 Nd4 5. Bc4 Bc5 6. Nxe5 Qe7 7. Nf3 d5 8.
Bxd5 Bg4 9. d3 O-O-O 10. Be3 Nxd5 11. Nxd5 Rxd5 12. exd5 Re8 13. O-O Bxf3 14.
gxf3 Bd6 15. f4 Qh4 16. Kh1 Qh3 17. Rg1 Nf3 18. Rg2 g5 19. c4 gxf4 20. Qa4 Kd8
21. c5 Nh4 22. Rag1 Be5 23. Bxf4 Nxg2 24. Rxg2 Qf3 25. Bxe5 Rxe5 26. Qh4+ f6
27. h3 Rg5 28. Qe4 Qxh3+ 29. Kg1 f5 30. Rxg5 fxe4 31. dxe4 Qh6 32. Rg8+ Ke7 33.
b4 Qf4 34. Rg3 Kf6 35. Re3 Ke5 36. a3 h5 37. Kg2 Qg4+ 38. Kh1 a6 39. Kh2 h4 40.
a4 Qd1 41. Rh3 Kxe4 42. Rxh4+ Ke5 0-1

[Event "Olimpiada de Khanty-Mansiysk 2010"]
[Site "Khanty-Mansiysk RUS"]
[Date "2010.10.03"]
[Round "11"]
[White "Mamedov, Rauf"]
[Black "Rublevsky, Sergei"]
[Result "1/2-1/2"]
[WhiteElo "2660"]
[BlackElo "2683"]
[PlyCount "122"]
[EventDate "2010.09.21"]
[EventType "team"]
[EventRounds "11"]
[EventCountry "RUS"]
[Source "lmi"]
[SourceDate "2010.09.21"]
[WhiteTeam "Azerbaiyán"]
[BlackTeam "RU3"]
[WhiteTeamCountry "AZE"]

1. c4 e5 2. g3 Nf6 3. Bg2 c6 4. d3 d5 5. cxd5 cxd5 6. Nf3 Nc6 7. O-O Be7 8. Bg5
O-O 9. Nc3 Be6 10. a3 h6 11. Bxf6 Bxf6 12. Rc1 Rc8 13. Nd2 Qd7 14. Qa4 Rfd8 15.
Nf3 a6 16. Rfe1 Be7 17. e4 dxe4 18. dxe4 Bc5 19. Red1 Qe7 20. Nd5 Bxd5 21. Rxd5
Nd4 22. Nxd4 Bxd4 23. Rc2 Qe6 24. Bf3 b5 25. Qb3 Kh7 26. Kg2 Rxc2 27. Qxc2 Rc8
28. Qe2 Rc1 29. Bg4 Qf6 30. h4 h5 31. Bxh5 g6 32. Bf3 Rb1 33. Rxd4 exd4 34. e5
Qe6 35. Be4 Rc1 36. h5 Kg7 37. hxg6 fxg6 38. Qd2 Qc4 39. Qf4 Re1 40. Qf6+ Kg8
41. Qxg6+ Kf8 42. Qd6+ Kg7 43. Qd7+ Kf8 44. Qd8+ Kg7 45. Qf6+ Kg8 46. e6 Qf1+
47. Kh2 Qg1+ 48. Kh3 Qf1+ 49. Bg2 Qd3 50. Qg5+ Kh8 51. Qf6+ Kh7 52. Qf7+ Kh6
53. Qf8+ Kg6 54. Qf7+ Kh6 55. Kh2 Qg6 56. Qf8+ Qg7 57. Qf4+ Qg5 58. Qxd4 Rxe6
59. Qh8+ Kg6 60. Qg8+ Kf6 61. Qf8+ Ke5 1/2-1/2